00261nam a22000977a 4500008004100000020001500041082001500056245003300071260004500104300001400149230619b xxu||||| |||| 00| 0 eng d a964472299X a297.2bORG aIslamic View on Human Rights aIranbAlhoda Publishers and Distributors aXIII,399p